000 00324nam a22001337a 4500
008 170503b xxu||||| |||| 00| 0 eng d
020 _a9780536522863
041 _aeng
080 _a355
100 _a14
101 _aSHJ
245 _aCRIMINALISTICS: AN INTRODUCTION TO FORENSIC SCIENCE
_cSAFERSTEIN, R
942 _2udc
_cBK
999 _c12591
_d12591